Biological Microscope
Uložené v:
| Korporácia: | , |
|---|---|
| Médium: | Kniha |
| Jazyk: | English |
| Vydané: |
2001
|
| Fyzický popis: |
12 s. |
| Tagy: |
Pridať tag
Žiadne tagy, Buďte prvý kto otaguje tento záznam!
|
Titul je dostupný aj v ... 

MARC
| LEADER | 00000nam a2200000 a 4500 | ||
|---|---|---|---|
| 001 | 000329421 | ||
| 005 | 20051201105313.0 | ||
| 008 | 051201s2001 e engo | ||
| 040 | |a KE001 |b slo | ||
| 080 | |a 681.723.7 |2 undef | ||
| 110 | 2 | |a NIKON (Japonsko) |4 aut | |
| 245 | 1 | 0 | |a Biological Microscope |
| 260 | |c 2001 | ||
| 300 | |a 12 s. | ||
| 710 | 2 | |a CRYOSOFT, spol. s r. o. (Letná 45, 040 01 Košice) |4 com | |
| 850 | |a KE001 | ||
| 998 | |a FL | ||
| 992 | |a FFP | ||
| 090 | |g SCKHL |k SK42 |a 681.723.7 |j 211734 |i I3189 |4 zastaraná |s Vyradená | ||